Khảo sát thực trạng sản xuất cây trồng và đặc tính đất đai làm cơ sở cho việc chuyển đổi kiểu sử dụng đất tại phường Thường Thạnh, quận Cái Răng, thành phố Cần Thơ : Luận văn Thạc sĩ Khoa học Nông nghiệp. Chuyên ngành Khoa học đất

Đề tài khảo sát và đánh giá thực trạng và hiệu quả các kiểu sử dụng đất, khảo sát các điều kiện tự nhiên về đất, nước của vùng nghiên cứu làm cơ sở đề xuất chuyển đổi kiểu sử dụng đất....

Volledige beschrijving

Bewaard in:
Bibliografische gegevens
Hoofdauteur: Lê, Thanh Tâm
Formaat: Boek
Taal:Undetermined
Gepubliceerd in: Cần Thơ Trường Đại học Cần Thơ 2015
Onderwerpen:
Tags: Voeg label toe
Geen labels, Wees de eerste die dit record labelt!
Thư viện lưu trữ: Trung tâm Học liệu Trường Đại học Cần Thơ
LEADER 01294nam a2200217Ia 4500
001 CTU_205127
008 210402s9999 xx 000 0 und d
082 |a 631.4 
082 |b T120 
088 |a 60620103 
100 |a Lê, Thanh Tâm 
245 0 |a Khảo sát thực trạng sản xuất cây trồng và đặc tính đất đai làm cơ sở cho việc chuyển đổi kiểu sử dụng đất tại phường Thường Thạnh, quận Cái Răng, thành phố Cần Thơ : 
245 0 |b Luận văn Thạc sĩ Khoa học Nông nghiệp. Chuyên ngành Khoa học đất 
245 0 |c Lê Thanh Tâm ; Lê Tấn Lợi (Cán bộ hướng dẫn) 
260 |a Cần Thơ 
260 |b Trường Đại học Cần Thơ 
260 |c 2015 
520 |a Đề tài khảo sát và đánh giá thực trạng và hiệu quả các kiểu sử dụng đất, khảo sát các điều kiện tự nhiên về đất, nước của vùng nghiên cứu làm cơ sở đề xuất chuyển đổi kiểu sử dụng đất. 
650 |a Soil science,Khoa học đất 
904 |i Hải 
980 |a Trung tâm Học liệu Trường Đại học Cần Thơ